Rahsia serta hakikat ibadat puasa dan zakat

Bibliographic Details
Main Author: Al-Ghazali
Format: Book
Published: Kuala Lumpur : Al-Hidayah Publishers , 1995
Subjects:

MARC

LEADER 00000cam a2200000 7i4500
001 0000010469
002 000011404
005 20000330.0
020 |a 9839188054 
090 0 0 |a 297.53   |b ALG 
100 0 |a Al-Ghazali   |f Al-Imam 
245 0 0 |a Rahsia serta hakikat ibadat puasa dan zakat   |c Al-Imam Al-Ghazali 
260 |a Kuala Lumpur :   |b Al-Hidayah Publishers ,   |c 1995 
300 |a 197 p. ;   |c 21 cm. 
650 0 0 |a Islamic giving 
650 0 0 |a Islam   |x Customs and practices 
999 |a 00141806   |b BUKU   |c PINJAMAN   |e PERPUSTAKAAN KOMUNITI PETALING JAYA 
999 |a 043752   |b BUKU   |c PINJAMAN   |e PERPUSTAKAAN KOMUNITI PETALING JAYA 
999 |a 043753   |b BUKU   |c PINJAMAN   |e PERPUSTAKAAN KOMUNITI PETALING JAYA